000 00693nam a2200229Ia 4500
003 GCL
008 140319s9999 xx 000 0 ara d
040 _aGCL /
_cGCL
082 0 4 _a962.054
_bط ح
100 1 _aطارق البشرى
245 1 0 _aالحركة السياسية فى مصر 1952-1945 /
_cطارق البشرى
260 _a[S.N] :
_bالهيئة المصرية العامة للكتاب ،
_c1972
300 _a587 ص
490 _a
650 0 4 _aالعصر الحديث
650 0 4 _aمصر
650 0 4 _aالاحوال السياسية
650 0 4 _aالتاريخ
650 0 4 _aثورة 23 يوليو 1952
650 0 4 _aالملك فاروق
942 _2ddc
_cBK
999 _c58741
_d58741